000
00252nam a2200121Ia 4500
005
20251222140031.0
008
251222s1900||||xx |||||||||||||| ||spa||
082
_a
184/P66F
100
_a
Platún
245
0
_a
Diálogos
264
_b
Peisa
942
_c
LIB
999
_c
2972
_d
2972